[Event "1st Sivas Buruciye Open 2019"]
[Site "Sivas"]
[Date "2019.08.23"]
[Round "8"]
[White "Abdulov, Orkhan"]
[Black "Gasimov, Parviz"]
[Result "1-0"]
[WhiteElo "2397"]
[BlackElo "2342"]
[Annotator "ChessBase"]
[PlyCount "123"]
[EventDate "2019.08.19"]
[EventType "swiss"]
[EventCountry "TUR"]
[SourceTitle "playchess.com"]
[Source "ChessBase"]
[SourceQuality "1"]
[TimeControl "5400+30"]

1. e4 {[%emt 0:14:30]} e6 {[%emt 0:00:30]} 2. d4 {[%emt 0:01:30]} d5 {[%emt 0:00:30]} 3. Nd2 {[%emt 0:00:00]} Nf6 {[%emt 0:00:30]} 4. e5 {[%emt 0:00:00]} Nfd7 {[%emt 0:00:00]} 5. Bd3 {[%emt 0:01:30]} c5 {[%emt 0:00:00]} 6. c3 {[%emt 0:00:30]} Nc6 {[%emt 0:00:30]} 7. Ne2 {[%emt 0:00:00]} cxd4 {[%emt 0:00:00]} 8. cxd4 {[%emt 0:00:00]} f6 {[%emt 0:00:00]} 9. exf6 {[%emt 0:00:00]} Nxf6 {[%emt 0:03:30]} 10. Nf3 {[%emt 0:01:00]} Bd6 {[%emt 0:00:30]} 11. O-O {[%emt 0:00:30]} O-O {[%emt 0:00:30]} 12. Bf4 {[%emt 0:00:30]} Bxf4 {[%emt 0:00:30]} 13. Nxf4 {[%emt 0:00:30]} Ng4 {[%emt 0:00:30]} 14. Qd2 {[%emt 0:00:30]} Qf6 {[%emt 0:01:30]} 15. Nh5 {[%emt 0:01:30]} Qh6 {[%emt 0:00:30]} 16. Qxh6 {[%emt 0:01:30]} Nxh6 {[%emt 0:00:00]} 17. Rfd1 {[%emt 0:01:30]} a6 {[%emt 0:08:00]} 18. Rac1 {[%emt 0:02:30]} g6 {[%emt 0:08:30]} 19. Ng3 {[%emt 0:01:30]} Bd7 {[%emt 0:02:30]} 20. Bb1 {[%emt 0:03:30]} Rac8 {[%emt 0:05:30]} 21. Ne2 {[%emt 0:03:30]} Nf7 {[%emt 0:10:30]} 22. h4 {[%emt 0:02:30]} Nd6 {[%emt 0:03:30]} 23. b3 {[%emt 0:01:30]} Kg7 {[%emt 0:10:30]} 24. Ne5 {[%emt 0:02:30]} Rc7 {[%emt 0:04:30]} 25. Rc3 {[%emt 0:03:30]} Nb5 {[%emt 0:06:30]} 26. Re3 {[%emt 0:00:30]} Nxe5 {[%emt 0:01:30]} 27. dxe5 {[%emt 0:00:30]} Rfc8 {[%emt 0:01:30]} 28. h5 {[%emt 0:15:30]} Nc3 {[%emt 0:02:30]} 29. Nxc3 {[%emt 0:00:30]} Rxc3 {[%emt 0:00:30]} 30. Rxc3 {[%emt 0:00:30]} Rxc3 {[%emt 0:00:30]} 31. hxg6 {[%emt 0:00:30]} hxg6 {[%emt 0:00:00]} 32. Kf1 {[%emt 0:01:30]} Rc8 {[%emt 0:05:00]} 33. Ke2 {[%emt 0:00:30]} Rh8 {[%emt 0:00:30]} 34. Ke3 {[%emt 0:01:30]} Rh2 {[%emt 0:03:30]} 35. Rg1 {[%emt 0:02:30]} g5 {[%emt 0:05:33]} 36. Kd4 {[%emt 0:00:30]} b6 {[%emt 0:04:39]} 37. Bd3 {[%emt 0:01:30]} a5 {[%emt 0:02:24]} 38. Rc1 {[%emt 0:00:30]} Kf8 {[%emt 0:00:19]} 39. Rc7 {[%emt 0:01:30]} Ke8 {[%emt 0:00:38]} 40. Rb7 {[%emt 0:05:30]} Rxg2 {[%emt 0:01:08]} 41. Rxb6 {[%emt 0:00:30]} Rxf2 {[%emt 0:00:00]} 42. Rb8+ {[%emt 0:04:30]} Ke7 {[%emt 0:00:46]} 43. Rb7 {[%emt 0:01:30]} Kd8 {[%emt 0:01:03]} 44. Kc5 {[%emt 0:00:30]} Rf3 {[%emt 0:00:30]} 45. Kd6 {[%emt 0:00:30]} Rxd3 {[%emt 0:00:30]} 46. Rxd7+ {[%emt 0:00:30]} Kc8 {[%emt 0:00:30]} 47. Rc7+ {[%emt 0:00:30]} Kb8 {[%emt 0:00:30]} 48. Rg7 {[%emt 0:00:30]} Rg3 {[%emt 0:00:30]} 49. Kxe6 {[%emt 0:00:30]} d4 {[%emt 0:08:17]} 50. Rd7 {[%emt 0:01:30]} d3 {[%emt 0:00:09]} 51. Kf5 {[%emt 0:00:30]} Re3 {[%emt 0:01:44]} 52. Rd5 {[%emt 0:01:30]} Kc7 {[%emt 0:01:15]} 53. Rxa5 {[%emt 0:01:30]} g4 {[%emt 0:00:21]} 54. Kxg4 {[%emt 0:00:30]} Kc6 {[%emt 0:00:41]} 55. Kf4 {[%emt 0:02:30]} d2 {[%emt 0:00:31]} 56. Ra6+ {[%emt 0:00:30]} Kc5 {[%emt 0:00:52]} 57. Rd6 {[%emt 0:00:30]} Re2 {[%emt 0:00:00]} 58. a3 {[%emt 0:00:30]} Rh2 {[%emt 0:00:34]} 59. Rd8 {[%emt 0:02:55]} Rh3 {[%emt 0:00:34]} 60. Rxd2 {[%emt 0:00:40]} Rxb3 {[%emt 0:00:02]} 61. e6 {[%emt 0:00:00]} Rb1 {[%emt 0:00:40]} 62. Ke5 {[%emt 0:00:28]} 1-0

[Event "1st Sivas Buruciye Open 2019"]
[Site "Sivas"]
[Date "2019.08.23"]
[Round "8"]
[White "Odeev, Handszar"]
[Black "Caner, Resul"]
[Result "1-0"]
[WhiteElo "2360"]
[BlackElo "1873"]
[Annotator "ChessBase"]
[PlyCount "71"]
[EventDate "2019.08.19"]
[EventType "swiss"]
[EventCountry "TUR"]
[SourceTitle "playchess.com"]
[Source "ChessBase"]
[SourceQuality "1"]
[TimeControl "5400+30"]

1. e4 e6 2. Qe2 Be7 3. Qg4 {[%emt 0:04:30]} Nf6 {[%emt 0:05:30]} 4. Qxg7 {[%emt 0:00:30]} Rg8 {[%emt 0:00:30]} 5. Qh6 {[%emt 0:00:00]} Nc6 {[%emt 0:05:30]} 6. Nf3 {[%emt 0:23:00]} Bc5 {[%emt 0:00:30]} 7. e5 {[%emt 0:09:30]} Bxf2+ {[%emt 0:03:30]} 8. Ke2 {[%emt 0:00:00]} Rg6 {[%emt 0:00:30]} 9. Qh3 {[%emt 0:00:00]} Ng4 {[%emt 0:00:30]} 10. Qxh7 {[%emt 0:00:30]} Bd4 {[%emt 0:01:30]} 11. Qh8+ {[%emt 0:16:30]} Ke7 {[%emt 0:01:30]} 12. Qh4+ {[%emt 0:00:00]} Ke8 {[%emt 0:00:30]} 13. Qxd8+ {[%emt 0:01:00]} Kxd8 {[%emt 0:00:30]} 14. c3 {[%emt 0:00:00]} Bxe5 {[%emt 0:02:30]} 15. Nxe5 {[%emt 0:01:00]} Ngxe5 {[%emt 0:03:30]} 16. d4 {[%emt 0:00:30]} Ng4 {[%emt 0:02:30]} 17. h3 {[%emt 0:01:30]} Nf6 {[%emt 0:00:30]} 18. Kf3 {[%emt 0:00:30]} e5 {[%emt 0:03:30]} 19. Bd3 {[%emt 0:09:30]} Rg8 {[%emt 0:00:30]} 20. Re1 {[%emt 0:03:30]} d6 {[%emt 0:03:30]} 21. Be3 {[%emt 0:03:30]} Be6 {[%emt 0:04:30]} 22. Kf2 {[%emt 0:00:30]} e4 {[%emt 0:06:30]} 23. Bf1 {[%emt 0:00:30]} Nd5 {[%emt 0:00:30]} 24. c4 {[%emt 0:00:30]} Nxe3 {[%emt 0:00:30]} 25. Kxe3 {[%emt 0:00:30]} Nb4 {[%emt 0:11:30]} 26. Na3 {[%emt 0:02:30]} f5 {[%emt 0:01:30]} 27. d5 {[%emt 0:04:02]} Bd7 {[%emt 0:00:30]} 28. Kf4 {[%emt 0:00:33]} c6 {[%emt 0:07:30]} 29. Rad1 {[%emt 0:04:13]} Kc7 {[%emt 0:02:30]} 30. Rd2 {[%emt 0:00:56]} Rae8 {[%emt 0:01:30]} 31. Nc2 {[%emt 0:03:56]} Nd3+ {[%emt 0:06:30]} 32. Bxd3 {[%emt 0:00:30]} exd3 {[%emt 0:00:00]} 33. Rxe8 {[%emt 0:01:36]} Rxe8 {[%emt 0:01:00]} 34. Ne3 {[%emt 0:01:05]} Re4+ {[%emt 0:01:30]} 35. Kf3 {[%emt 0:00:05]} cxd5 {[%emt 0:00:30]} 36. Nxd5+ {[%emt 0:00:40]} 1-0

[Event "1st Sivas Buruciye Open 2019"]
[Site "Sivas"]
[Date "2019.08.23"]
[Round "8"]
[White "Lortkipanidze, Nodar"]
[Black "Darban, Morteza"]
[Result "1/2-1/2"]
[WhiteElo "2336"]
[BlackElo "2280"]
[Annotator "NA"]
[PlyCount "35"]
[EventDate "2019.08.19"]
[EventType "swiss"]
[EventCountry "TUR"]
[SourceTitle "playchess.com"]
[Source "ChessBase"]
[SourceQuality "1"]
[TimeControl "5400+30"]

1. d4 {[%emt 1:30:30]} Nf6 {[%emt 1:30:30]} 2. Nc3 {[%emt 0:00:30]} d5 {[%emt 0:00:30]} 3. Bg5 {[%emt 0:00:30]} Nbd7 {[%emt 0:00:30]} 4. Qd3 {[%emt 0:00:30]} g6 {[%emt 0:00:30]} 5. O-O-O {[%emt 0:00:30]} Bg7 {[%emt 0:00:30]} 6. f3 {[%emt 0:00:30]} O-O {[%emt 0:00:00]} 7. e4 {[%emt 0:00:00]} c6 {[%emt 0:00:00]} 8. Qd2 {[%emt 0:00:00]} b5 {[%emt 0:00:00]} 9. e5 {[%emt 0:00:00]} Ne8 {[%emt 0:00:00]} 10. h4 {[%emt 0:00:00]} f6 {[%emt 0:00:00]} 11. exf6 {[%emt 0:00:00]} exf6 {[%emt 0:00:00]} 12. Bh6 {[%emt 0:00:00]} Bxh6 {[%emt 0:00:00]} 13. Qxh6 {[%emt 0:00:00]} Nd6 {[%emt 0:00:00]} 14. Bd3 {[%emt 0:00:00]} Rf7 {[%emt 0:00:00]} 15. Nh3 {[%emt 0:00:00]} Nf8 {[%emt 0:00:00]} 16. g4 {[%emt 0:00:00]} a5 {[%emt 0:00:00]} 17. Rde1 {[%emt 0:00:00]} Raa7 {[%emt 0:00:00]} 18. Ne2 {[%emt 0:00:00]} 1/2-1/2

[Event "1st Sivas Buruciye Open 2019"]
[Site "Sivas"]
[Date "2019.08.23"]
[Round "8"]
[White "Hasanzade, Toghrul"]
[Black "Sevdimaliyev, Urfan"]
[Result "1/2-1/2"]
[WhiteElo "2314"]
[BlackElo "2348"]
[Annotator "NA"]
[PlyCount "44"]
[EventDate "2019.08.19"]
[EventType "swiss"]
[EventCountry "TUR"]
[SourceTitle "playchess.com"]
[Source "ChessBase"]
[SourceQuality "1"]
[TimeControl "5400+30"]

1. d4 d5 2. Nf3 Nf6 3. Bf4 e6 4. e3 Bd6 {[%emt 0:03:00]} 5. Bxd6 {[%emt 0:04:30]} cxd6 {[%emt 0:00:30]} 6. c4 {[%emt 0:00:00]} dxc4 {[%emt 0:00:30]} 7. Bxc4 {[%emt 0:00:00]} O-O {[%emt 0:00:00]} 8. O-O {[%emt 0:00:30]} b6 {[%emt 0:00:00]} 9. Nc3 {[%emt 0:00:30]} Bb7 {[%emt 0:00:30]} 10. d5 {[%emt 0:00:30]} e5 {[%emt 0:00:30]} 11. Rc1 {[%emt 0:01:30]} a6 {[%emt 0:03:30]} 12. a3 {[%emt 0:03:30]} Nbd7 {[%emt 0:00:30]} 13. b4 {[%emt 0:00:00]} b5 {[%emt 0:01:30]} 14. Bb3 {[%emt 0:00:00]} Nb6 {[%emt 0:00:00]} 15. e4 {[%emt 0:02:30]} Rc8 {[%emt 0:04:00]} 16. Qd3 {[%emt 0:02:30]} Qd7 {[%emt 0:02:30]} 17. Rc2 {[%emt 0:00:30]} Rc7 {[%emt 0:01:30]} 18. Rfc1 {[%emt 0:01:30]} Rfc8 {[%emt 0:02:30]} 19. Nd2 {[%emt 0:01:30]} h6 {[%emt 0:03:30]} 20. h3 {[%emt 0:00:30]} Nh5 {[%emt 0:03:30]} 21. Qe3 {[%emt 0:03:30]} Nf4 {[%emt 0:05:30]} 22. Kh2 {[%emt 0:00:30]} Nc4 {[%emt 0:01:30]} 1/2-1/2

[Event "1st Sivas Buruciye Open 2019"]
[Site "Sivas"]
[Date "2019.08.23"]
[Round "8"]
[White "Yarashov, Azat"]
[Black "Annaberdiyev, Babageldi"]
[Result "1-0"]
[WhiteElo "2156"]
[BlackElo "2242"]
[Annotator "ChessBase"]
[PlyCount "97"]
[EventDate "2019.08.19"]
[EventType "swiss"]
[EventCountry "TUR"]
[SourceTitle "playchess.com"]
[Source "ChessBase"]
[SourceQuality "1"]
[TimeControl "5400+30"]

1. e4 c5 {[%emt 0:00:30]} 2. Nc3 {[%emt 0:05:00]} Nc6 {[%emt 0:01:30]} 3. d3 {[%emt 0:00:30]} a6 {[%emt 0:00:30]} 4. g3 {[%emt 0:00:30]} b5 {[%emt 0:00:00]} 5. Bg2 {[%emt 0:00:30]} Bb7 {[%emt 0:00:00]} 6. Be3 {[%emt 0:00:30]} e6 {[%emt 0:00:30]} 7. Nge2 {[%emt 0:01:30]} Nf6 {[%emt 0:00:30]} 8. h3 {[%emt 0:00:30]} Qc7 {[%emt 0:02:30]} 9. O-O {[%emt 0:08:30]} Be7 {[%emt 0:06:30]} 10. a3 {[%emt 0:03:30]} Rd8 {[%emt 0:01:30]} 11. g4 {[%emt 0:09:30]} h6 {[%emt 0:00:30]} 12. Ng3 {[%emt 0:01:30]} d5 {[%emt 0:10:30]} 13. exd5 {[%emt 0:05:30]} exd5 {[%emt 0:00:00]} 14. Nce2 {[%emt 0:01:30]} Bc8 {[%emt 0:03:00]} 15. d4 {[%emt 0:00:30]} h5 {[%emt 0:06:30]} 16. g5 {[%emt 0:06:30]} Ne4 {[%emt 0:00:00]} 17. Nxe4 {[%emt 0:03:30]} dxe4 {[%emt 0:00:00]} 18. d5 {[%emt 0:03:30]} Ne5 {[%emt 0:01:30]} 19. Ng3 {[%emt 0:09:30]} Bxh3 {[%emt 0:06:30]} 20. Bxh3 {[%emt 0:07:30]} Nf3+ {[%emt 0:00:00]} 21. Kg2 {[%emt 0:00:30]} h4 {[%emt 0:03:00]} 22. Nxe4 {[%emt 0:01:30]} Qh2+ {[%emt 0:00:30]} 23. Kxf3 {[%emt 0:00:30]} Qxh3+ {[%emt 0:00:30]} 24. Ke2 {[%emt 0:00:00]} Qf5 {[%emt 0:00:00]} 25. f3 {[%emt 0:08:00]} Rxd5 {[%emt 0:00:00]} 26. Qe1 {[%emt 0:00:00]} h3 {[%emt 0:00:30]} 27. Rd1 {[%emt 0:00:00]} h2 {[%emt 0:00:30]} 28. Rxd5 {[%emt 0:01:30]} Qxd5 {[%emt 0:00:30]} 29. Rh1 {[%emt 0:00:30]} Qe5 {[%emt 0:00:00]} 30. c3 {[%emt 0:00:30]} Qd5 {[%emt 0:10:00]} 31. Qd2 {[%emt 0:02:33]} Qe6 {[%emt 0:04:30]} 32. Kf1 {[%emt 0:06:05]} f5 {[%emt 0:01:30]} 33. gxf6 {[%emt 0:01:24]} gxf6 {[%emt 0:00:30]} 34. Rxh2 {[%emt 0:01:07]} Rxh2 {[%emt 0:00:30]} 35. Qxh2 {[%emt 0:00:30]} f5 {[%emt 0:00:00]} 36. Qb8+ {[%emt 0:00:33]} Bd8 {[%emt 0:03:00]} 37. Bg5 {[%emt 0:03:55]} fxe4 {[%emt 0:01:30]} 38. Qxd8+ {[%emt 0:00:30]} Kf7 {[%emt 0:00:30]} 39. Qe7+ {[%emt 0:00:30]} Qxe7 {[%emt 0:00:30]} 40. Bxe7 {[%emt 0:00:30]} Kxe7 {[%emt 0:00:30]} 41. fxe4 {[%emt 0:00:30]} Kf6 {[%emt 0:00:30]} 42. Ke2 {[%emt 0:00:30]} a5 {[%emt 0:00:30]} 43. Ke3 {[%emt 0:00:20]} Ke5 {[%emt 0:01:30]} 44. Kf3 {[%emt 0:00:47]} b4 {[%emt 0:01:30]} 45. Ke3 {[%emt 0:01:34]} b3 {[%emt 0:00:30]} 46. Kf3 {[%emt 0:01:20]} a4 {[%emt 0:02:30]} 47. Ke3 {[%emt 0:00:05]} Kf6 {[%emt 0:00:30]} 48. Kf4 {[%emt 0:00:36]} Ke6 {[%emt 0:00:00]} 49. c4 {[%emt 0:00:02]} 1-0

[Event "1st Sivas Buruciye Open 2019"]
[Site "Sivas"]
[Date "2019.08.23"]
[Round "8"]
[White "Khvadagiani, Nika"]
[Black "Subasi, Zeki"]
[Result "1-0"]
[WhiteElo "1880"]
[BlackElo "1689"]
[Annotator "NA"]
[PlyCount "81"]
[EventDate "2019.08.19"]
[EventType "swiss"]
[EventCountry "TUR"]
[SourceTitle "playchess.com"]
[Source "ChessBase"]
[SourceQuality "1"]
[TimeControl "5400+30"]

1. e4 c5 2. Nf3 d6 3. c3 Nc6 4. d4 cxd4 5. cxd4 {[%emt 0:01:30]} e6 {[%emt 0:08:30]} 6. Nc3 {[%emt 0:00:30]} Be7 {[%emt 0:00:30]} 7. Bd3 {[%emt 0:00:30]} Nf6 {[%emt 0:01:30]} 8. O-O {[%emt 0:00:30]} O-O {[%emt 0:00:00]} 9. Qe2 {[%emt 0:02:30]} a6 {[%emt 0:01:00]} 10. e5 {[%emt 0:07:30]} Ne8 {[%emt 0:10:30]} 11. Be3 {[%emt 0:12:30]} d5 {[%emt 0:04:30]} 12. Nd2 {[%emt 0:00:30]} Qb6 {[%emt 0:01:30]} 13. Nb3 {[%emt 0:12:30]} f5 {[%emt 0:02:30]} 14. f4 {[%emt 0:00:30]} Bd7 {[%emt 0:05:30]} 15. g4 {[%emt 0:03:30]} g6 {[%emt 0:01:30]} 16. Rf3 {[%emt 0:04:30]} a5 {[%emt 0:02:30]} 17. gxf5 {[%emt 0:00:30]} gxf5 {[%emt 0:00:30]} 18. Kh1 {[%emt 0:00:30]} Ng7 {[%emt 0:02:30]} 19. Rg1 {[%emt 0:00:30]} Be8 {[%emt 0:02:30]} 20. Rfg3 {[%emt 0:01:30]} Bg6 {[%emt 0:00:30]} 21. Qg2 {[%emt 0:04:30]} Rfe8 {[%emt 0:14:30]} 22. Rxg6 {[%emt 0:01:30]} hxg6 {[%emt 0:00:30]} 23. Qxg6 {[%emt 0:00:00]} Bf8 {[%emt 0:00:30]} 24. Bxf5 {[%emt 0:00:00]} Nb4 {[%emt 0:12:30]} 25. Qh7+ {[%emt 0:02:30]} Kf7 {[%emt 0:00:30]} 26. Bg6+ {[%emt 0:00:00]} Ke7 {[%emt 0:00:30]} 27. Bxe8 {[%emt 0:09:00]} Rxe8 {[%emt 0:00:30]} 28. Rxg7+ {[%emt 0:00:30]} Bxg7 {[%emt 0:00:30]} 29. Qxg7+ {[%emt 0:00:00]} Kd8 {[%emt 0:00:00]} 30. Nc5 {[%emt 0:00:00]} Re7 {[%emt 0:04:00]} 31. Qf8+ {[%emt 0:02:30]} Re8 {[%emt 0:00:30]} 32. Qf6+ {[%emt 0:06:30]} Kc8 {[%emt 0:02:30]} 33. Qf7 {[%emt 0:01:30]} Qc6 {[%emt 0:00:30]} 34. Nxb7 {[%emt 0:00:30]} Kb8 {[%emt 0:05:16]} 35. Nxa5 {[%emt 0:00:30]} Qc8 {[%emt 0:00:36]} 36. Nb5 {[%emt 0:00:30]} Nc6 {[%emt 0:00:47]} 37. Nd6 {[%emt 0:00:00]} Qa6 {[%emt 0:02:25]} 38. Qxe8+ {[%emt 0:00:00]} Ka7 {[%emt 0:00:00]} 39. Nxc6+ {[%emt 0:00:30]} Kb6 {[%emt 0:00:53]} 40. Qb8+ {[%emt 0:00:00]} Kxc6 {[%emt 0:00:23]} 41. Qc8+ {[%emt 0:00:00]} 1-0

[Event "1st Sivas Buruciye Open 2019"]
[Site "Sivas"]
[Date "2019.08.23"]
[Round "8"]
[White "Sabahi, Ali Can"]
[Black "Can, Ilhan"]
[Result "1-0"]
[WhiteElo "1825"]
[BlackElo "1683"]
[Annotator "NA"]
[PlyCount "121"]
[EventDate "2019.08.19"]
[EventType "swiss"]
[EventCountry "TUR"]
[SourceTitle "playchess.com"]
[Source "ChessBase"]
[SourceQuality "1"]
[TimeControl "5400+30"]

1. d4 {[%emt 0:04:30]} d6 {[%emt 0:05:30]} 2. e4 {[%emt 0:00:30]} Nf6 {[%emt 0:00:30]} 3. Nc3 {[%emt 0:00:30]} g6 {[%emt 0:00:30]} 4. Be3 {[%emt 0:00:30]} Bg7 {[%emt 0:00:30]} 5. f3 {[%emt 0:00:30]} c6 {[%emt 0:00:30]} 6. Qd2 {[%emt 0:00:00]} h6 {[%emt 0:00:00]} 7. Nge2 {[%emt 0:00:00]} Nbd7 {[%emt 0:00:00]} 8. h3 {[%emt 0:00:00]} Qa5 {[%emt 0:02:30]} 9. Nc1 {[%emt 0:01:00]} h5 {[%emt 0:03:30]} 10. Bd3 {[%emt 0:02:30]} h4 {[%emt 0:00:30]} 11. Nb3 {[%emt 0:00:00]} Qc7 {[%emt 0:00:30]} 12. Bg5 {[%emt 0:01:00]} a6 {[%emt 0:03:30]} 13. Qf2 {[%emt 0:14:30]} c5 {[%emt 0:04:30]} 14. dxc5 {[%emt 0:01:30]} dxc5 {[%emt 0:00:00]} 15. Nd2 {[%emt 0:02:30]} Qg3 {[%emt 0:01:00]} 16. Qxg3 {[%emt 0:01:30]} hxg3 {[%emt 0:00:30]} 17. O-O-O {[%emt 0:00:30]} Bh6 {[%emt 0:04:30]} 18. Bxh6 {[%emt 0:01:30]} Rxh6 {[%emt 0:00:30]} 19. Nf1 {[%emt 0:00:30]} Nh5 {[%emt 0:00:30]} 20. Ne2 {[%emt 0:00:30]} c4 {[%emt 0:00:30]} 21. Bxc4 {[%emt 0:00:30]} Ne5 {[%emt 0:00:30]} 22. Bb3 {[%emt 0:00:30]} Nxf3 {[%emt 0:00:30]} 23. Nfxg3 {[%emt 0:00:30]} Nxg3 {[%emt 0:00:30]} 24. Nxg3 {[%emt 0:00:30]} Ne5 {[%emt 0:00:30]} 25. Rhf1 {[%emt 0:00:30]} f6 {[%emt 0:00:30]} 26. Bd5 {[%emt 0:00:30]} g5 {[%emt 0:00:30]} 27. Rd4 {[%emt 0:00:30]} a5 {[%emt 0:08:30]} 28. Nf5 {[%emt 0:12:30]} Rh7 {[%emt 0:02:30]} 29. Rfd1 {[%emt 0:03:30]} Kf8 {[%emt 0:02:30]} 30. Bb3 {[%emt 0:06:30]} Bxf5 {[%emt 0:00:30]} 31. Rd8+ {[%emt 0:01:30]} Rxd8 {[%emt 0:00:30]} 32. Rxd8+ {[%emt 0:00:30]} Kg7 {[%emt 0:00:00]} 33. Rg8+ {[%emt 0:00:00]} Kh6 {[%emt 0:00:00]} 34. exf5 {[%emt 0:00:00]} g4 {[%emt 0:01:30]} 35. hxg4 {[%emt 0:04:30]} Rg7 {[%emt 0:00:00]} 36. Rxg7 {[%emt 0:00:30]} Kxg7 {[%emt 0:00:00]} 37. Bd5 {[%emt 0:00:30]} b6 {[%emt 0:01:30]} 38. Bf3 {[%emt 0:00:00]} Kh6 {[%emt 0:00:00]} 39. Kd2 {[%emt 0:03:00]} Kg5 {[%emt 0:00:00]} 40. Ke3 {[%emt 0:05:30]} Nc4+ {[%emt 0:02:30]} 41. Kd4 {[%emt 0:00:30]} Nxb2 {[%emt 0:00:30]} 42. Kd5 {[%emt 0:00:30]} Na4 {[%emt 0:01:30]} 43. Kc6 {[%emt 0:00:00]} Kf4 {[%emt 0:02:30]} 44. Kb5 {[%emt 0:00:00]} Nc3+ {[%emt 0:02:30]} 45. Kxb6 {[%emt 0:00:30]} a4 {[%emt 0:00:00]} 46. Ka5 {[%emt 0:10:30]} Ke3 {[%emt 0:01:00]} 47. a3 {[%emt 0:00:30]} Kd2 {[%emt 0:00:30]} 48. Bc6 {[%emt 0:00:30]} Kxc2 {[%emt 0:00:30]} 49. Bxa4+ {[%emt 0:01:30]} Kb2 {[%emt 0:00:30]} 50. Kb4 {[%emt 0:00:30]} Nd5+ {[%emt 0:00:30]} 51. Kc5 {[%emt 0:00:30]} Ne3 {[%emt 0:00:30]} 52. Bc6 {[%emt 0:00:00]} Kxa3 {[%emt 0:00:30]} 53. Bf3 {[%emt 0:00:00]} Kb3 {[%emt 0:03:30]} 54. Kd4 {[%emt 0:00:30]} Nf1 {[%emt 0:00:30]} 55. Kd5 {[%emt 0:00:00]} Kc3 {[%emt 0:00:30]} 56. Ke6 {[%emt 0:00:00]} Kd4 {[%emt 0:00:00]} 57. Kxe7 {[%emt 0:00:00]} Ke5 {[%emt 0:00:00]} 58. g5 {[%emt 0:00:00]} fxg5 {[%emt 0:00:30]} 59. f6 {[%emt 0:00:30]} Ng3 {[%emt 0:00:30]} 60. f7 {[%emt 0:00:30]} Nf5+ {[%emt 0:00:00]} 61. Kd7 {[%emt 0:00:30]} 1-0

[Event "1st Sivas Buruciye Open 2019"]
[Site "Sivas"]
[Date "2019.08.23"]
[Round "8"]
[White "Genc, Ugur Can"]
[Black "Taze, Bulent"]
[Result "1-0"]
[WhiteElo "1661"]
[BlackElo "1743"]
[Annotator "NA"]
[PlyCount "87"]
[EventDate "2019.08.19"]
[EventType "swiss"]
[EventCountry "TUR"]
[SourceTitle "playchess.com"]
[Source "ChessBase"]
[SourceQuality "1"]
[TimeControl "5400+30"]

1. e4 e6 2. d4 d5 3. Nd2 dxe4 4. Nxe4 Nd7 5. Be3 Ngf6 6. Bd3 Nxe4 7. Bxe4 {[%emt 0:03:30]} Nf6 {[%emt 0:02:30]} 8. Bf3 {[%emt 0:06:30]} Be7 {[%emt 0:01:30]} 9. Ne2 {[%emt 0:00:30]} O-O {[%emt 0:01:30]} 10. O-O {[%emt 0:00:30]} Rb8 {[%emt 0:01:30]} 11. c4 {[%emt 0:03:30]} b6 {[%emt 0:00:30]} 12. Nc3 {[%emt 0:00:30]} Bb7 {[%emt 0:01:30]} 13. Bxb7 {[%emt 0:01:30]} Rxb7 {[%emt 0:00:30]} 14. Qf3 {[%emt 0:01:30]} Rb8 {[%emt 0:00:30]} 15. Rfd1 {[%emt 0:01:30]} Qc8 {[%emt 0:00:30]} 16. Rac1 {[%emt 0:08:30]} Qb7 {[%emt 0:03:30]} 17. Qe2 {[%emt 0:06:30]} c6 {[%emt 0:03:30]} 18. f3 {[%emt 0:04:30]} Rfd8 {[%emt 0:00:30]} 19. b3 {[%emt 0:07:30]} Rbc8 {[%emt 0:00:30]} 20. g4 {[%emt 0:01:30]} h6 {[%emt 0:04:30]} 21. h4 {[%emt 0:02:30]} Nh7 {[%emt 0:01:30]} 22. Qf2 {[%emt 0:04:30]} Qc7 {[%emt 0:03:30]} 23. f4 {[%emt 0:01:30]} g6 {[%emt 0:13:30]} 24. f5 {[%emt 0:11:30]} g5 {[%emt 0:07:30]} 25. Ne4 {[%emt 0:06:30]} exf5 {[%emt 0:01:30]} 26. gxf5 {[%emt 0:04:30]} f6 {[%emt 0:01:30]} 27. Qf3 {[%emt 0:00:30]} Bf8 {[%emt 0:04:30]} 28. Kg2 {[%emt 0:03:30]} Qf7 {[%emt 0:08:30]} 29. Rh1 {[%emt 0:01:30]} Bg7 {[%emt 0:04:30]} 30. Rcg1 {[%emt 0:01:33]} Qe7 {[%emt 0:02:30]} 31. Kf2 {[%emt 0:03:53]} Re8 {[%emt 0:03:30]} 32. Ng3 {[%emt 0:00:30]} Nf8 {[%emt 0:01:30]} 33. Re1 {[%emt 0:00:47]} Qf7 {[%emt 0:01:30]} 34. hxg5 {[%emt 0:00:23]} fxg5 {[%emt 0:01:30]} 35. Nh5 {[%emt 0:00:33]} Nd7 {[%emt 0:00:30]} 36. Nxg7 {[%emt 0:03:00]} Qxg7 {[%emt 0:03:30]} 37. Reg1 {[%emt 0:01:28]} Rf8 {[%emt 0:02:30]} 38. Ke2 {[%emt 0:00:25]} Qf6 {[%emt 0:03:24]} 39. Kd2 {[%emt 0:00:57]} Kg7 {[%emt 0:00:30]} 40. Qh5 {[%emt 0:00:30]} Rh8 {[%emt 0:00:30]} 41. Bxg5 {[%emt 0:00:30]} Qxd4+ {[%emt 0:00:30]} 42. Kc2 {[%emt 0:05:26]} Qe4+ {[%emt 0:07:32]} 43. Kc1 {[%emt 0:00:09]} Nc5 {[%emt 0:04:23]} 44. Be7+ {[%emt 0:02:17]} 1-0

[Event "1st Sivas Buruciye Open 2019"]
[Site "Sivas"]
[Date "2019.08.23"]
[Round "8"]
[White "Samli, Ibrahim"]
[Black "Amanmuradow, Atajan"]
[Result "1-0"]
[WhiteElo "1655"]
[BlackElo "1794"]
[Annotator "NA"]
[PlyCount "49"]
[EventDate "2019.08.19"]
[EventType "swiss"]
[EventCountry "TUR"]
[SourceTitle "playchess.com"]
[Source "ChessBase"]
[SourceQuality "1"]
[TimeControl "5400+30"]

1. e4 d5 2. exd5 Qxd5 3. Nc3 Qa5 4. d4 Nf6 5. Nf3 c6 {[%emt 0:03:30]} 6. Bd2 {[%emt 0:11:00]} Bf5 {[%emt 0:00:30]} 7. Bc4 {[%emt 0:00:30]} e6 {[%emt 0:00:30]} 8. Bb3 {[%emt 0:00:30]} Nbd7 {[%emt 0:00:30]} 9. Qe2 {[%emt 0:01:30]} Qc7 {[%emt 0:02:30]} 10. h3 {[%emt 0:01:30]} h6 {[%emt 0:01:30]} 11. g4 {[%emt 0:01:30]} Bh7 {[%emt 0:01:30]} 12. O-O-O {[%emt 0:04:30]} O-O-O {[%emt 0:08:30]} 13. g5 {[%emt 0:01:30]} Nd5 {[%emt 0:07:30]} 14. Nxd5 {[%emt 0:09:30]} exd5 {[%emt 0:00:30]} 15. gxh6 {[%emt 0:00:30]} gxh6 {[%emt 0:00:30]} 16. Ne5 {[%emt 0:00:30]} Re8 {[%emt 0:00:30]} 17. Qg4 {[%emt 0:00:30]} Rg8 {[%emt 0:00:30]} 18. Nxd7 {[%emt 0:00:30]} Qxd7 {[%emt 0:00:30]} 19. Qxd7+ {[%emt 0:00:30]} Kxd7 {[%emt 0:00:30]} 20. Rhg1 {[%emt 0:11:30]} Rxg1 {[%emt 0:21:30]} 21. Rxg1 {[%emt 0:00:30]} Bf5 {[%emt 0:01:30]} 22. Rg3 {[%emt 0:04:30]} Re4 {[%emt 0:03:30]} 23. c3 {[%emt 0:00:30]} Rh4 {[%emt 0:00:30]} 24. Bd1 {[%emt 0:00:30]} Bxh3 {[%emt 0:04:30]} 25. Rxh3 1-0